| 000 | 01521cad a22002415a 4500 | ||
|---|---|---|---|
| 001 | L141947 | ||
| 008 | 080116s2008 xxk f 000 0 eng d | ||
| 035 | _a(Sirsi) u141947 | ||
| 041 | 0 | _aeng | |
| 050 | 0 | 4 | _a692.5 $2 18 |
| 110 | 2 |
_aBuilding Cost Information Service _91096 |
|
| 245 | 0 | 0 |
_aStandardised method of life cycle costing for construction _bthe UK supplement to ISO 15686 Part 5 _blife cycle costing for buildings and constructed assets _h[electronic resource] |
| 260 |
_aLondon _bBCIS _c2008 |
||
| 520 | _aThis consultation document outlines BCIS/BSi proposals for a Standardised Method of Life Cycle Costing for Construction (SMLCCC) as a UK supplement to ISO 15686: 5. The SMLCCC contains a data structure for presenting and producing life cycle costs, which is based on the BCIS elements and incorporates construction, maintenance, operation, occupancy and end of life costs. The consultation also summarises the objectives of a UK standardised method and explains why the quantity surveying profession need a standardised method. Comments required by 31 January 2008. | ||
| 521 | 2 | _aAdvanced | |
| 590 | _aKA | ||
| 650 | 2 | 4 | _aISO/FDIS 15686-5 |
| 651 | 4 |
_aUnited Kingdom _y |
|
| 690 | _aBUILT ENVIRONMENT-BUILDING COSTS | ||
| 710 | 2 |
_aBritish Standards Institution _9130 |
|
| 856 | 4 | 0 |
_uhttps://www.ciria.org/service/membership_options/AM/ContentManagerNet/ContentDisplay.aspx?Section=membership_options&NoTemplate=1&ContentID=6436 _zView the consultation free of charge at www.ciria.org |
| 942 | _n0 | ||
| 999 |
_c107810 _d107810 |
||